Các biện pháp tu từ cấu tạo theo quan hệ liên tưởng trong thơ Nguyễn Bính trước cách mạng tháng tám

Những vấn đề lý luận liên quan đến đề tài. Khảo sát và miêu tả các biện pháp tu từ cấu tạo theo quan hệ liên tưởng trong thơ Nguyễn Bính trước cách mạng tháng Tám. Vai trò của các biện pháp tu từ cấu tạo theo quan hệ liên tưởng trong thơ Nguyễn Bính trước Cách mạng tháng Tám....

Cijeli opis

Spremljeno u:
Bibliografski detalji
Glavni autor: Nguyễn Thị Hoài Nam
Daljnji autori: Bùi Trọng Ngoãn TS (Hướng dân)
Format: Knjiga
Jezik:Vietnamese
Izdano: Đại học Đà Nẵng ĐH Sư phạm 2008
Teme:
Oznake: Dodaj oznaku
Bez oznaka, Budi prvi tko označuje ovaj zapis!
Thư viện lưu trữ: Mạng thư viện Đại học Đà Nẵng
LEADER 01697nam a2200361 4500
001 000010878
003 7101
005 20111223091251.0
008 111223s2008 viesd
041 |a vie 
072 |a Khóa luận tốt nghiệp 
082 |a 895.922132  |b NG-N 
100 |a Nguyễn Thị Hoài Nam 
245 |a Các biện pháp tu từ cấu tạo theo quan hệ liên tưởng trong thơ Nguyễn Bính trước cách mạng tháng tám  |c Nguyễn Thị Hoài Nam 
260 |a Đại học Đà Nẵng  |b ĐH Sư phạm  |c 2008 
300 |a 68 tr.  |c 29 cm 
500 |a Khóa luận tốt nghiệp khoa Ngữ văn 
520 |a Những vấn đề lý luận liên quan đến đề tài. Khảo sát và miêu tả các biện pháp tu từ cấu tạo theo quan hệ liên tưởng trong thơ Nguyễn Bính trước cách mạng tháng Tám. Vai trò của các biện pháp tu từ cấu tạo theo quan hệ liên tưởng trong thơ Nguyễn Bính trước Cách mạng tháng Tám. 
653 |a Biện pháp tu từ 
653 |a Thơ Nguyễn Bính 
653 |a Trước cách mạng tháng Tám 
653 |a Ngôn ngữ 
700 |a Bùi Trọng Ngoãn  |c TS  |e Hướng dân 
OWN |a LSP 
AVA |a UDN50  |b LSP  |d 895.922132 NG-N  |e available  |t Error 5001 Not defined in file expand_doc_bib_avail.  |f 1  |g 0  |h N  |i 0  |k 1 
999 |a From the UDN01 
AVA |a UDN50  |b LSP  |d 895.922132 NG-N  |e available  |t Error 5001 Not defined in file expand_doc_bib_avail.  |f 1  |g 0  |h N  |i 0  |k 1 
TYP |a Monograph 
TYP |a Printed language 
980 |a Mạng thư viện Đại học Đà Nẵng